00753nam a2200193Ia 4500003000900000005001700009008004100026040003100067040001300098041000800111100004300119245005600162260003900218300002000257520015300277942001200430999001700442952010000459IT-RoPAU20220918175744.0120407s9999 xx 000 0 und d aIT-RoPAUc20140509152427.0 cIT-RoPAU aita aPie Discepole del Divin Maestro924314 aCostituzioni delle Pie Discepole del Divin Maestro. c1948aRoma bCasa Generalizia PDDM a202 p.c14,5 cm aIndice Parte prima - Fine e membri della Congregazione Parte seconda - Vita ed opere della Congregazione Parte terza - Governo della Congregazione  cBK2ddc c28449d28449 00102ddc406P_D571aPAULUSbPAULUSd2012-04-11l0oP D5r2012-04-11 00:00:00w2012-04-11yBK